000 00242 a2200097 4500
001 13282
100 _aLogan,D.L
245 _aFirst course in the finite element method
260 _aAustralia
_bThomson books/cole
_c2002
090 _c10282
_d10282
942 _aNUST-CAE
_cM
_c317
999 _c248355
_d248355